Hậu quả pháp lý của hợp đồng thương mại khi có quyết định của tòa án : Luận văn Thạc sĩ Luật học. Chuyên ngành Luật Kinh tế
Phân tích hậu quả pháp lý của hợp đồng thương mại khi có quyết định của tòa án và đề xuất kiến nghị
Đã lưu trong:
| 主要作者: | |
|---|---|
| 格式: | 圖書 |
| 語言: | Undetermined |
| 出版: |
Cần Thơ
Trường Đại Học Cần Thơ
2016
|
| 主題: | |
| 標簽: |
添加標簽
沒有標簽, 成為第一個標記此記錄!
|
| Thư viện lưu trữ: | Trung tâm Học liệu Trường Đại học Cần Thơ |
|---|
| LEADER | 00993nam a2200217Ia 4500 | ||
|---|---|---|---|
| 001 | CTU_214691 | ||
| 008 | 210402s9999 xx 000 0 und d | ||
| 082 | |a 346.597065 | ||
| 082 | |b Đ116 | ||
| 100 | |a Lữ, Minh Đăng | ||
| 245 | 0 | |a Hậu quả pháp lý của hợp đồng thương mại khi có quyết định của tòa án : | |
| 245 | 0 | |b Luận văn Thạc sĩ Luật học. Chuyên ngành Luật Kinh tế | |
| 245 | 0 | |c Lữ Minh Đăng ; Cao Nhất Linh (Cán bộ hướng dẫn) | |
| 260 | |a Cần Thơ | ||
| 260 | |b Trường Đại Học Cần Thơ | ||
| 260 | |c 2016 | ||
| 520 | |a Phân tích hậu quả pháp lý của hợp đồng thương mại khi có quyết định của tòa án và đề xuất kiến nghị | ||
| 650 | |a Commercial law,Luật doanh nghiệp | ||
| 650 | |z Vietnam,Việt Nam | ||
| 904 | |i Nguyên | ||
| 980 | |a Trung tâm Học liệu Trường Đại học Cần Thơ | ||